| 000 | 00806nam a22002297a 4500 | ||
|---|---|---|---|
| 999 |
_c5955 _d5955 |
||
| 003 | AR-CdUCM | ||
| 008 | 190313b ||||| |||| 00| 0 spa d | ||
| 040 |
_aMUNICIPALIDAD PROVINCIAL DEL CUSCO _cBIBLIOTECA MUNICIPAL DEL CUSCO |
||
| 082 |
_a985.0082 / _bM88 |
||
| 100 |
_aMujica Gallo, Manuel _99858 |
||
| 245 | _aSoldado de la ley / | ||
| 260 |
_a Lima : _bTahuantinsuyu, _c1959. |
||
| 300 |
_a153 paginas ; _c17 cm. |
||
| 440 |
_aSoldado de la ley _n3 _917477 |
||
| 500 | _aDonación de la familia Nieto | ||
| 505 | _aContenido : Ramon Castilla -- República peruana -- La junta de gobierno provisorio de los departamentos libres ... | ||
| 650 |
_aPrecursores de la independencia _917478 |
||
| 650 |
_aBiografías _9148 |
||
| 650 |
_aHistoria del Perú _9259 |
||
| 942 |
_2ddc _cLIBROS |
||
| 945 | _arah | ||